000
00308nam a22001337a 4500
003
SGT
020
_a
8190047345
082
_a
300
_b
O97S
100
_a
SAARAN, A.K.
245
_a
ON THE INTELLECTUAL VOCATION
260
_b
CENTRAL INSTITUTE OF HIGHER TIBETAN STUDIES
_c
1997
300
_a
216
942
_2
ddc
_c
BK
999
_c
28726
_d
28726